000
00268nam a2200109Ia 4500
008
190216s9999||||xx |||||||||||||| ||und||
100
_a
Douylas Garbult
245
0
_a
Advanced Accounting With Key
260
_b
Sir Isac Pitman &sons
650
_a
Accountancy
942
_c
BK
999
_c
3820
_d
3820